プロ野球スピリッツA【プロスピA】の外国人選手 (東京ヤクルトスワローズ) - Statistics

General Stats
  • This quiz has been taken 140 times
    43 since last reset
  • The average score is 12 of 41
Answer Stats
選手名 % Correct
野手 J.オスナ
90%
野手 D.サンタナ
84%
野手(TS) W.バレンティン
81%
野手(OB) A.ラミレス
65%
投手(OB) T.バーネット
58%
野手(OB) R.ペタジーニ
55%
投手(OB) L.オンドルセク
52%
投手 P.ランバート
48%
野手 L.ミレッジ
45%
投手 M.ヤフーレ
42%
投手(OB) S.グライシンガー
42%
野手 A.エスコバー
35%
野手(OB) D.ホージー
35%
投手 S.マクガフ
35%
投手 サイスニード
32%
野手(OB) B.ホーナー
29%
投手 D.ブキャナン
29%
野手(OB) J.ハウエル
29%
投手 アンドリュー・スアレス
26%
投手 アルバート・スアレス
26%
投手 E.ロドリゲス
26%
投手(OB) K.ホッジス
26%
投手 M.バウマン
26%
投手(OB) O.ロマン
26%
投手 D.ピーターズ
19%
投手 D.ハフ
19%
野手 D.グリーン
19%
野手 M.デニング
16%
野手(OB) D.ヒルトン
13%
投手 J.エスパーダ
13%
投手 J.アルメンゴ
13%
投手 K.ケラ
13%
投手 R.バンデンハーク
13%
投手 A.J.コール
10%
野手 C.リベロ
10%
投手 G.イノーア
10%
投手 J.ルーキ
10%
投手 M.カラシティー
10%
投手 P.ギルメット
10%
投手 K.デイビーズ
6%
投手 L.ペレス
3%
No matching quizzes found
Score Distribution
Percent of People with Each Score
Percentile by Number Answered
Your Score History
You have not taken this quiz since the last reset